| 000 | 00616nam a2200205 i 4500 | ||
|---|---|---|---|
| 001 | 74300 | ||
| 003 | ES-MaACL | ||
| 005 | 20250725080726.0 | ||
| 007 | t| | ||
| 008 | 040917s1966 sp a |||| | spa d | ||
| 100 | 1 |
_aGonzález García-Zabaleta, Gerardo. _958665 |
|
| 245 | 1 | 0 |
_aPrevención de accidentes en la industria mecánica / _cpor Gerardo G. García-Zabaleta. |
| 250 | _a1ª ed. | ||
| 260 |
_aBarcelona : _bCeac, _c1966. |
||
| 300 |
_a172 p. : _bil. ; _c22 cm. |
||
| 650 | 7 |
_aSeguridad industrial _2embne _917017 |
|
| 852 |
_aES-MaACL _jC-31577 |
||
| 852 |
_aES-MaACL _jC-31081 |
||
| 999 |
_c74300 _d74300 |
||